00633nam a2200157Ia 4500008004100000020001800041082001700059110001100076245012700087260002200214300001000236500004300246650007500289952009400364999001700458120629s9999 xx 000 0 und d a970-704-066-1 a378.12 A637a aANUIES a Anuario estadístico, 2001 : personal docente de licenciatura y de posgrado en universidades e institutos tecnológicos aMéxico : ANUIES a357 p aÍndice alfabético de instituciones a1. PERSONAL DOCENTE-MEXICO-ESTADISTICAS \ 2. EDUCACION-ESTADISTICASÌ 00104070a15b15d2007-07-11l0o378.12 A637Ap15 002174r2017-12-07t1w2012-06-28yLB c75032d75032